01335nam a2200313Ia 4500001000700000003000500007005001700012008004100029010001100070040000900081090001700090100004100107245010400148260004100252300001000293502007600303650003600379650006400415650004300479901001700522902000600539910000900545942001100554942001100565999001900576952014200595952014200737952014200879Z_3644CHAP20250909174644.0220113s2001 xx 000 0 und d a166726 cCHAP aTesis H 1523 aHernández Corona, Lilliana9140844 aLa producción orgánica : una alternativa para la zootecnia /cpor Lilliana Hernández corona aChapingo, Méx. :bEl autor,c2001 a86 h. aTesis (Ing. Agr. Esp. en Zootecnia) -- UACH. Departamento de Zootecnia aAgrícultura orgánica 92005 aProductos pecuariosxAspectos económicosxMéxico992159 aProductos pecuariosxProcesado 992196 aTESIS H 1523 aM a2001 c22ddc c22ddc c166726d166726 00102local4051708TESISaZbZd2005-11-09eEL autorl0oTesis H47 1523 2001p5101002456r2022-01-18 00:00:00tEj.1w2022-01-18yTESIS 00102local4055708TESISaZbZd2005-11-09eEL autorl0oTesis H47 1523 2001p5101002457r2022-01-18 00:00:00tEj.2w2022-01-18yTESIS 00102local4055708TESISaZbZd2005-11-09eEL autorl0oTesis H47 1523 2001p5101002458r2022-01-18 00:00:00tEj.3w2022-01-18yTESIS